000
00303nam a2200133Ia 4500
008
191201s2006 xx 000 0 und d
082
_a
658.562
_b
BEQ
100
_a
Bedi, Kanishka
245
0
_a
Quality Management
260
_a
N.Delhi
_b
Oxford
_c
2006
300
_a
712
650
_a
MBA
942
_2
ddc
_c
BK
999
_c
2649
_d
2649